| 000 | 01183nam a2200325 a 4500 | ||
|---|---|---|---|
| 001 | 650669 | ||
| 003 | ARRUPE | ||
| 005 | 20170209110136.0 | ||
| 008 | 930803s1992 rh a b 000 0 eng | ||
| 010 | _a 93981938 | ||
| 020 | _a0797411623 | ||
| 040 |
_aDLC _cDLC |
||
| 043 | _afs----- | ||
| 050 | 0 | 0 |
_aHQ1800 _b.G45 1992 |
| 082 | 0 | 0 |
_a305.3/0968 _220 |
| 245 | 0 | 0 |
_aGender in southern Africa : _bconceptual and theoretical issues / _cRuth Meena, editor. |
| 260 |
_aHarare : _bSAPES Books, _c1992. |
||
| 300 |
_a201 p. : _bill. ; _c21 cm. |
||
| 500 | _a"SAPES Trust"--P. [4] of cover. | ||
| 504 | _aIncludes bibliographical references and indexes. | ||
| 650 | 0 |
_aWomen in development _zAfrica, Southern _928532 |
|
| 650 | 0 |
_aWomen's rights _zAfrica, Southern. _926984 |
|
| 650 | 0 |
_aWomen _xAfrica, Southern _928533 |
|
| 650 | 0 |
_aSocial conditions _y20th century _928534 |
|
| 700 | 1 |
_aMeena, Ruth E. _928535 _eed. |
|
| 710 | 2 |
_aSAPES Trust. _923049 |
|
| 906 |
_a7 _bcbc _corignew _d3 _encip _f19 _gy-gencatlg |
||
| 942 |
_2lcc _cMONOGRAPH |
||
| 999 |
_c126030 _d126030 |
||